[Event "Chigorin Memorial 29th"]
[Site "St Petersburg"]
[Date "2022.10.22"]
[Round "1"]
[White "Gitelson, Arkady"]
[Black "Mashkov, Viacheslav"]
[Result "0-1"]
[WhiteElo "2189"]
[BlackElo "1639"]
[PlyCount "80"]
[EventDate "2022.10.22"]
[EventType "swiss"]
[EventRounds "9"]
[EventCountry "RUS"]
[SourceTitle "EXT 2024"]
[Source "ChessBase"]
[SourceDate "2023.10.10"]
[SourceVersion "1"]
[SourceVersionDate "2023.10.10"]
[SourceQuality "1"]

1. d4 Nf6 2. Nc3 d5 3. Bf4 c5 4. e3 e6 5. Nb5 Na6 6. c3 Be7 7. Bd3 0-0 8. Nf3 Bd7 9. a4 c4 10. Bb1 Qa5 11. Ne5 Bxb5 12. axb5 Qxb5 13. Qc2 Qb3 14. Qe2 Ne4 15. f3 Nxc3 16. bxc3 Qxc3+ 17. Kf2 f6 18. Rc1 Qb4 19. Bxh7+ Kxh7 20. Qc2+ f5 21. Rcb1 Qd6 22. Rxb7 Nb4 23. Qc3 Rfb8 24. Nxc4 Qc6 25. Rxb8 Rxb8 26. Bxb8 dxc4 27. Bxa7 Nd5 28. Qc2 c3 29. Bc5 Bxc5 30. dxc5 Qxc5 31. Qd3 c2 32. Rc1 Nb4 33. Qb3 Qb5 34. Kg1 Qe2 35. h3 Qd2 36. Qxe6 Qxc1+ 37. Kh2 Qb2 38. Qxf5+ g6 39. Qd7+ Qg7 40. Qg4 Qc7+ 0-1